| 000 | 00979nam a22003017a 4500 | ||
|---|---|---|---|
| 003 | CHAP | ||
| 005 | 20220329134542.0 | ||
| 008 | 971013s1976 r 00010 d | ||
| 010 | _a22076 | ||
| 011 | _a23048 | ||
| 035 | _a27143 | ||
| 040 | _cCHAP | ||
| 082 |
_a574.014 _bJ4 |
||
| 245 | _aCódigo internacional de nomenclatura zoológica | ||
| 260 |
_aMadrid : _bBlume, _c1976 |
||
| 500 | _aEncuadernado con: Nemenclatura biológica, por Charles Jeffrey pp. 217-352 | ||
| 590 |
_aBATCH-UPD _b10 _c20130109 _lUCH01 _h2330 |
||
| 590 |
_aBATCH-UPD _b10 _c20130110 _lUCH01 _h2232 |
||
| 590 |
_aBATCH-UPD _b10 _c20130409 _lUCH01 _h1855 |
||
| 590 |
_aBATCH-UPD _b10 _c20130410 _lUCH01 _h1528 |
||
| 590 |
_aBATCH-UPD _b10 _c20130914 _lUCH01 _h2113 |
||
| 590 |
_aCONVERSION _b10 _c20130109 _lUCH01 _h1313 |
||
| 650 | 1 | 4 |
_aZoología _xClasificación. _9124164 |
| 650 | 1 | 4 |
_aZoología _xNomenclatura. _9124178 |
| 901 | _aBK | ||
| 942 | _cLIBRO | ||
| 949 |
_a574.014 J4 _bBC _cC _d-62822 _eC _i27143 _si |
||
| 999 |
_c22076 _d22076 |
||